Konček krstil olejom

Bibliographic Details
Format: Article
Language:Slovak
PhysicalDescription:Fotogr.
ISSN:1338-659X
Subjects:
Online Access:http://korzar.sme.sk/

MARC

LEADER 00000nab a2200000 a 4500
001 vtls010544531
003 SK-MaSNL
005 20260304214614.0
008 130918c20130725xo dr| 0 0slo
038 |a RVGKPD 
040 |a RVGKPD  |b slo  |c RVGKPD  |e AACR2 
041 |a slo 
044 |a xo  |c SK 
080 |a 796.712  |2 1997 
245 0 0 |a Konček krstil olejom  |c [autor] (pp) 
300 |b Fotogr. 
630 0 7 |a Dobšinský kopec 1973-2013  |2 rvgkpd  |9 1548535 
650 0 7 |a automobilové preteky  |2 rvgkpd  |9 69302 
650 0 7 |a krst knihy  |2 rvgkpd  |9 31280 
773 0 |t Korzár : denník Košického kraja  |g Roč. XVI, č. 171 (25.7.2013), s. 19  |x 1338-659X 
852 |a RVGKPD  |b KIS3G 
856 4 1 |u http://korzar.sme.sk/ 
992 |a RBX 
999 |c 3142229  |d 3144159